The Transatlantic book club / Felicity ... Read More
Available copies
- 3 of 3 copies available at LARL/NWRL Consortium.
- 2 of 2 copies available at Lake Agassiz Regional Library. (Show preferred library)
Current holds
0 current holds with 3 total copies.
Show Only Available Copies
| Location | Call Number / Copy Notes | Barcode | Shelving Location | Status | Due Date |
|---|---|---|---|---|---|
| Fertile Public Library | HAY (Text) | 33500013304126 | Main | Available | - |
| Gonvick LINK Site | HAY (Text) | 33500013304118 | Main | Available | - |
| Greenbush Public Library | HAY (Text) | 35500006331126 | Main | Available | - |
Record details
- ISBN: 9780063037397 (hardcover)
- ISBN: 0063037394 (hardcover)
- ISBN: 0062889508 (pbk)
- ISBN: 9780062889508 (pbk)
- Physical Description: 362, 16 pages ; 24 cm.
- Edition: First U.S. edition.
- Publisher: New York, NY : Harper, an imprint of HarperCollinsPublishers, [2020]
- Copyright: ℗♭2019.
Content descriptions
| General Note: | Includes P.S. Insights, Interviews & More... (pages 1-16 at end of work). Originally published in Ireland in 2019 by Hachette Books Ireland. |
| Summary, etc.: | Distance makes no difference to love ... Eager to ... Read More |
Search for related items by subject
| Genre: | Domestic fiction. Romance fiction. |
Search for related items by series
| LDR | 02638cam a2200481Ii 4500 | ||
|---|---|---|---|
| 001 | 348891 | ||
| 003 | LARL_NWRL_CONSORTIUM | ||
| 005 | 20201124172047.0 | ||
| 008 | 201030r20202019nyu 000 f eng d | ||
| 020 | . | ‡a9780063037397 (hardcover) | |
| 020 | . | ‡a0063037394 (hardcover) | |
| 020 | . | ‡a0062889508 (pbk) | |
| 020 | . | ‡a9780062889508 (pbk) | |
| 035 | . | ‡a(OCoLC)1202408358 | |
| 040 | . | ‡aCMI ‡beng ‡erda ‡cCMI ‡dCMI ‡dOCLCO ‡dPX0 ‡dDAD | |
| 043 | . | ‡an-us--- ‡ae-ie--- | |
| 100 | 1 | . | ‡aHayes-McCoy, Felicity, ‡eauthor. ‡0(LARL_NWRL_CONSORTIUM)221692 |
| 245 | 1 | 4. | ‡aThe Transatlantic book club / ‡cFelicity Hayes-McCoy. |
| 250 | . | ‡aFirst U.S. edition. | |
| 264 | 1. | ‡aNew York, NY : ‡bHarper, an imprint of HarperCollinsPublishers, ‡c[2020] | |
| 264 | 4. | ‡c℗♭2019. | |
| 300 | . | ‡a362, 16 pages ; ‡c24 cm. | |
| 336 | . | ‡atext ‡btxt ‡2rdacontent. | |
| 337 | . | ‡aunmediated ‡bn ‡2rdamedia. | |
| 338 | . | ‡avolume ‡bnc ‡2rdacarrier. | |
| 490 | 0 | . | ‡aFinfarran Peninsula ; ‡v5 |
| 500 | . | ‡aIncludes P.S. Insights, Interviews & More... (pages 1-16 at end of work). | |
| 500 | . | ‡aOriginally published in Ireland in 2019 by Hachette Books Ireland. | |
| 520 | . | ‡aDistance makes no difference to love ... Eager to cheer up her recently-widowed gran, Cassie Fitzgerald persuades Lissbeg library to set up a Skype book club, linking readers on Ireland's Finfarran Peninsula with the little US town of Resolve, where generations of Finfarran's emigrants have settled. But when the club decides to read a detective novel, old conflicts on both sides of the ocean are exposed, hidden love affairs come to light, and, as secrets emerge, Cassie fears she may have done more harm than good. Will the truths she uncovers about her granny Pat's marriage affect her own hopes of finding love? Is Pat, who's still struggling with the death of her husband, about to fall out with her oldest friend? Or could the transatlantic book club itself hold the clue to a triumphant happy ending? | |
| 650 | 0. | ‡aWidows ‡vFiction. ‡0(LARL_NWRL_CONSORTIUM)167902 | |
| 650 | 0. | ‡aGrandparent and child ‡vFiction. ‡0(LARL_NWRL_CONSORTIUM)165391 | |
| 650 | 0. | ‡aBook clubs (Discussion groups) ‡vFiction. ‡0(LARL_NWRL_CONSORTIUM)171044 | |
| 650 | 0. | ‡aIrish ‡zUnited States ‡vFiction. ‡0(LARL_NWRL_CONSORTIUM)172577 | |
| 650 | 0. | ‡aSecrecy ‡vFiction. ‡0(LARL_NWRL_CONSORTIUM)167261 | |
| 650 | 0. | ‡aMan-woman relationships ‡vFiction. ‡0(LARL_NWRL_CONSORTIUM)165985 | |
| 650 | 0. | ‡aCountry life ‡zIreland ‡vFiction. | |
| 650 | 0. | ‡aInterpersonal relations ‡vFiction. ‡0(LARL_NWRL_CONSORTIUM)165331 | |
| 650 | 0. | ‡aFriendship ‡vFiction. ‡0(LARL_NWRL_CONSORTIUM)164944 | |
| 651 | 0. | ‡aIreland ‡vFiction. ‡0(LARL_NWRL_CONSORTIUM)165198 | |
| 655 | 7. | ‡aDomestic fiction. ‡2lcgft. | |
| 655 | 7. | ‡aRomance fiction. ‡2lcgft. | |
| 901 | . | ‡a348891 ‡bOCoLC ‡c348891 ‡tbiblio ‡soclc | |

Add to basket
Permalink
Disable Highlighting